Informe sobre el estado de la educación en el Uruguay.

Gorde:
Xehetasun bibliografikoak
Erakunde egilea: Uruguay, Ministerio de Instrucción Pública y Social
Formatua: Liburua
Hizkuntza:gaztelania
Gaiak:
Etiketak: Etiketa erantsi
Etiketarik gabe, Izan zaitez lehena erregistro honi etiketa jartzen!

MARC

LEADER 00000cam^a2200000uu^4500
001 000483297
005 20250521000000.0
008 050901s1965^^^^^^^^^^^^rt^r^^000^0^spa^d
009 20260310125107.96
035 |a FCE 000026348 
035 |a FCE 018329 
037 |a Acervo ITESO - Biblioteca 
041 |a spa 
082 0 4 |a 370.9895  |b UME v.2 
110 |a Uruguay,  |b Ministerio de Instrucción Pública y Social 
245 1 0 |a Informe sobre el estado de la educación en el Uruguay. 
264 |a Uruguay :  |b Ministerio de Instrucción Pública y Social,  |c 1965. 
300 |a 462 p. 
336 |a texto  |b txt  |2 rdacontenido 
337 |a sin mediación  |b n  |2 rdamedio 
338 |a volumen  |b nc  |2 rdasoporte 
649 |a XX 
650 |a Sistema educativo 
650 |a Administración de la educación 
650 |a Cambio de la educación 
650 |a Gasto educativo 
650 |a Informe de labores 
650 |a Uruguay 
910 |a Fondo Centro de Estudios Educativos 
920 |a Impresos - Libros 
930 |a Fondos Especiales 
905 |a 133 
901 |a ALE018329  |b IT2  |c CEE  |u 20250521 
901 |a ALE044430  |b IT2  |c CEE  |u 20250521 
902 |a https://opac.biblio.iteso.mx/vufind/Record/000483297